| 000 | 01261nam a2200337 a 4500 | ||
|---|---|---|---|
| 001 | 00000255 | ||
| 003 | DO-SdBNP | ||
| 005 | 20160621135055.0 | ||
| 007 | 00000255 | ||
| 008 | 150130s2013 dr ac 000 0 spa d | ||
| 020 | _a9789945174809 | ||
| 040 |
_aBPMSU _bspa _cBPMSU |
||
| 092 |
_a373.257 _bB615e 3ro. 2013 |
||
| 245 | 0 | 0 |
_aBiología 3 : _beducación media / _ccolaboración Horacio Arredondo ... [et al.] ; dirección editorial Anna Rogero Soler ; ilustraciones Rafael Almanzar |
| 260 |
_aSanto Domingo : _bSM, _c2013. |
||
| 300 |
_a175 p. : _bil., retrs. ; _c29 cm. + _eCD-ROOM |
||
| 490 | 1 | _aProyecto Sé | |
| 504 | _aBibliografía p: 175 | ||
| 505 | 1 |
_tReproducción y herencia -- _tGenética y evolución -- _tLos ecosistemas -- _tBiodiversidad -- _tRecursos naturales -- |
|
| 650 |
_aCIENCIAS NATURALES _xENSEÑANZA SECUNDARIA |
||
| 650 |
_aEDUCACIÓN SECUNDARIA _zREPÚBLICA DOMINICANA |
||
| 650 |
_aCIENCIAS NATURALES _xESTUDIOS Y EJERCICIOS |
||
| 650 |
_aCIENCIAS NATURALES _xLIBROS DE TEXTOS |
||
| 700 | 1 | 2 |
_aArredondo, Horacio _ecolab. |
| 700 | 1 | 2 |
_aRogero Soler, Anna _eed. |
| 700 | 1 | 2 |
_aAlmanzar, Rafael _eil. |
| 830 | 0 | _aProyecto Sé | |
| 910 | _aValidado. Control de calidad MFF | ||
| 942 |
_2ddc _cBK |
||
| 956 |
_aYLOCKWARD _b10 |
||
| 999 |
_c9831 _d9831 |
||